| 000 | 00918cam a22002775a 4500 | ||
|---|---|---|---|
| 001 | 18161282 | ||
| 005 | 20171126104925.0 | ||
| 008 | 140523s2015 enk frb 001 0 eng d | ||
| 020 | _a9781138806375 | ||
| 040 |
_aDLC _beng _cDLC _dEG-ScBUE |
||
| 082 | 0 | 4 |
_a338.27282 _222 _bPAR |
| 100 | 1 | _aPartanen, Rauli. | |
| 245 | 1 | 4 |
_aThe world after cheap oil / _cRauli Partanen, Harri Paloheimo and Heikki Waris. |
| 260 |
_aOxon ; _aNew York : _bRoutledge, Taylor & Francis Group, _c2015. |
||
| 300 |
_axxi, 249 p. : _bill. ; _c24 cm. |
||
| 504 | _aIncludes bibliographical references and index. | ||
| 650 | 7 |
_aPetroleum reserves. _2BUEsh |
|
| 650 | 7 |
_aPetroleum products. _2BUEsh _97345 |
|
| 650 | 7 |
_aPetroleum industry and trade. _2BUEsh _95538 |
|
| 650 | 7 |
_aEnergy policy. _2BUEsh _928633 |
|
| 651 | _2BUEsh | ||
| 653 |
_bENGPET _cNovember2017 |
||
| 700 | 1 | _aPaloheimo, Harri. | |
| 700 | 1 | _aWaris, Heikki. | |
| 942 | _2ddc | ||
| 999 |
_c25660 _d25632 |
||